1505 1910 1400 1199 1764 1084 1302 1959 1604 1246 1727 1088 1134 1182 1919 1776 1111 1995 1184 1255 1481 1604 1755 1081 1326 1854 1285 1635 1425 1912 1284 1768 1374 1907 1957 1505 1502 1220 1671 1616 1629 1050 1411 1333 1502 1179 1933 1181 1709 1865 1250 1102 1478 1008 1625 1146 1094 1167 1881 1341 1746 1168 1468 1986 1438 1842 1219 1441 1266 1847 1075 1144 1188 1675 1813 1452 1537 1237 1972 1182 1073 1098 1969 1990 1991 1126 1829 1234 1583 1086 1925 1955 1160 1467 1415 1541 1674 1780 1179 BCNSPRNW ULIB Ver.6.0+V

เปลี่ยนเป็นภาษาไทย

Change to English
 แสดงรายละเอียดบรรณานุกรม
  กลับหน้าหลัก

Brief Record : Get Marc (ISO 2709) : E-mail record : QR code < ปิดหน้าต่าง
LEADER : 00000nam 2200000uu 4500
001    13399120644
003     ULIB
008    121002s2548||||th 000 0 tha d
020    ^a9746132288 (ล.1)
050  0 ^a BL2075^bส719อ ล.1
110 2  ^aมหาวิทยาลัยสุโขทัยธรรมาธิราช
245 10 ^aความเชื่อและศาสนาในสังคมไทย หน่วยที่1-7=^bBeliefs and religions in Thai society /^cมหาวิทยาลัยสุโขทัยธรรมาธิราช
246 31 ^aBeliefs and religions in Thai society
250    ^aพิมพ์ครั้งที่ 7
260    ^aนนทบุรี :^bสำนักพิมพ์มหาวิทยาลัยสุโขทัยธรรมาธิราช,^c2548
300    ^a2 ล. ;^c30 ซม.
500    ^aเอกสารการสอนชุดวิชา 12304 หน่วยที่ 1-7, 8-15 -- หน้าปกใน
650  7 ^aความเชื่อ
650  7 ^aศาสนา^xไทย
650  7 ^aศาสนากับสังคม
945    ^p0^l0^i24412
995    ^aวิภา
999 ^a ใช้งานได้ทุกระบบ
รายการนี้ยังไม่มีแท็ก
คุณยังไม่ได้ล็อกอิน คุณสามารถมีกิจกรรมร่วมกับเว็บไซต์ได้ แต่ต้องล็อกอินก่อน ::
  ล็อกอิน

รายการสื่อสารสนเทศ

ลำดับที่ ประเภท เลขเรียก/บาร์โค้ด สถานที่ สถานะ
1. วิทยาศาสตร์การแพทย์ และสุขภาพ
วิทยาศาสตร์การแพทย์ และสุขภาพ
BL2075 ส719อ ล.1  
  Barcode: 24412
ห้องสมุดวิทยาเขตสวรรค์ประชารักษ์
►หนังสือทั่วไป
บนชั้น

รายการใกล้เคียง
    หัวเรื่อง [ความเชื่อ]
    หัวเรื่อง [ศาสนากับสังคม]

BibComment


ยังไม่เคยถูกคอมเมนท์

คอมเมนท์ทรัพยากรรายการนี้
  คอมเมนท์: ความเชื่อและศาสน..


 Copyright 2026. Bcnsprnw @Library